Southville International School and Colleges
Your cart is empty.
  • Cart
  • Lists
    Public lists Eva Luna New books Lux_list list_1
    Your lists Log in to create your own lists
  • Log in to your account
  • Your cookies
  • Search history
Southville International School and Colleges
  • Advanced search
  • Recent comments
  • Most popular
  • Libraries

Log in to your account

Log in with GOOGLE


If you do not have an external account, but do have a local account, you can still log in:

  1. Home
  2. MARC view: Abnormal psychology :
Normal view MARC view ISBD view

Abnormal psychology : (Record no. 12528)

[ view plain ]
MARC details
000 -LEADER
fixed length control field 00920cam a2200301 a 4500
001 - CONTROL NUMBER
control field 3769228
003 - CONTROL NUMBER IDENTIFIER
control field OSt
005 - DATE AND TIME OF LATEST TRANSACTION
control field 20160608160110.0
008 - FIXED-LENGTH DATA ELEMENTS--GENERAL INFORMATION
fixed length control field 830908s1984 njua b 001 0 eng
010 ## - LIBRARY OF CONGRESS CONTROL NUMBER
LC control number 83019190
020 ## - INTERNATIONAL STANDARD BOOK NUMBER
International Standard Book Number 0130006386
040 ## - CATALOGING SOURCE
Original cataloging agency DLC
Transcribing agency DLC
Modifying agency DLC
050 10 - LIBRARY OF CONGRESS CALL NUMBER
Classification number RC 454
Item number .Sa28 1972
082 00 - DEWEY DECIMAL CLASSIFICATION NUMBER
Classification number GLT 616.89
Item number Sa7 1984
100 1# - MAIN ENTRY--PERSONAL NAME
Personal name Sarason, Irwin G.
9 (RLIN) 22445
245 10 - TITLE STATEMENT
Title Abnormal psychology :
Remainder of title the problem of maladaptive behavior /
Statement of responsibility, etc Irwin G. Sarason [and] Barbara R. Sarason.
250 ## - EDITION STATEMENT
Edition statement 4th ed.
260 ## - PUBLICATION, DISTRIBUTION, ETC. (IMPRINT)
Place of publication, distribution, etc Englewood Cliffs, N.J. :
Name of publisher, distributor, etc Prentice-Hall,
Date of publication, distribution, etc c1972.
300 ## - PHYSICAL DESCRIPTION
Extent xviii, 557 p. :
Other physical details ill. ;
Dimensions 29 cm.
500 ## - GENERAL NOTE
General note Includes indexes.
504 ## - BIBLIOGRAPHY, ETC. NOTE
Bibliography, etc Bibliography: p. 516-538.
562 ## - COPY AND VERSION IDENTIFICATION NOTE
Number of copies 1
650 #0 - SUBJECT ADDED ENTRY--TOPICAL TERM
Topical term or geographic name as entry element Psychology, Pathological.
9 (RLIN) 22446
700 1# - ADDED ENTRY--PERSONAL NAME
Personal name Sarason, Barbara R.
9 (RLIN) 22447
906 ## - LOCAL DATA ELEMENT F, LDF (RLIN)
a 7
b cbc
c orignew
d 1
e ocip
f 19
g y-gencatlg
942 ## - ADDED ENTRY ELEMENTS (KOHA)
Source of classification or shelving scheme Library of Congress Classification
Koha item type Books
Holdings
Withdrawn status Lost status Source of classification or shelving scheme Damaged status Home library Current library Shelving location Date acquired Source of acquisition Total Checkouts Full call number Barcode Date last seen Copy number Price effective from Koha item type
    Library of Congress Classification   Luxembourg Library Luxembourg Library Genevive Ledesma - Tan Section 10/01/2013 Donation   RC 454 .Sa28 1972 12007 10/01/2013 1 10/01/2013 Books

Abnormal psychology :

APA

Sarason I. G., Sarason B. R., . (1972). Abnormal psychology. Englewood Cliffs, N.J: Prentice-Hall.

Chicago

Sarason Irwin G, Sarason Barbara R, . 1972. Abnormal psychology. Englewood Cliffs, N.J: Prentice-Hall.

Harvard

Sarason I. G., Sarason B. R., . (1972). Abnormal psychology. Englewood Cliffs, N.J: Prentice-Hall.

MLA

Sarason Irwin G, Sarason Barbara R, . Abnormal psychology. Englewood Cliffs, N.J: Prentice-Hall. 1972.

  • Place hold
  • Print
  • Cite
  • Add to your cart (remove)
  • Save record
    BIBTEX Dublin Core MARCXML MARC (non-Unicode/MARC-8) MARC (Unicode/UTF-8) MARC (Unicode/UTF-8, Standard) MODS (XML) RIS
  • More searches
    Search for this title in:
    Other Libraries (WorldCat) Other Databases (Google Scholar) Online Stores (Bookfinder.com) Open Library (openlibrary.org)

Exporting to Dublin Core...

SOUTHVILLE LIBRARY

Southville International School and Colleges Library

1281 Tropical Ave. Cor. Luxembourg St., BF Homes International, Las Pinas City

Tel. No. 8256374 / 252358 Loc. 117/146

Powered by Koha